Statistics for Countries - First time A-Z letters appear

Click here to take the quiz!

General Stats

  • This quiz has been taken 627 times
  • The average score is 11 of 26

Answer Stats

HintAnswer% Correct
AAfghanistan
98%
BAlbania
69%
DAndorra
54%
EAlgeria
52%
JAzerbaijan
50%
GAngola
48%
IAntigua and Barbuda
48%
MArmenia
47%
LAustralia
46%
HBahamas
45%
CCambodia
45%
NArgentina
42%
RAustria
42%
ZBelize
41%
OBarbados
38%
WBotswana
35%
FBurkina Faso
35%
QEquatorial Guinea
35%
SBangladesh
34%
TBhutan
33%
KDenmark
33%
VBolivia
32%
UBelarus
31%
XLuxembourg
31%
YCyprus
30%
PCape Verde
25%

Score Distribution

Percentile by Number Answered

Percent of People with Each Score

Your Score History

You have not taken this quiz